000 00687nam a2200289Ia 4500
005 20260324142905.0
008 008 260324s9999 xx 000 0 eng d
020 _a9780203778524
037 _aEBOOK
040 _aCRL
040 _beng
040 _cCRL
041 _2eng
041 _aeng
084 _qCRL
100 _aMelvin R. Lansky
_91213606
245 0 _aFathers Who Fail
245 0 _bShame and Psychopathology in the Family System
260 _bTaylor and Francis
260 _c1993
365 _a
365 _b80.99
856 _uhttp://www.taylorfrancis.com/books/9780203778524
942 _cEBOOK
999 _c1818356
_d1818356